000 00954nam a2200241 a 4500
005 20231011063624.0
008 030507s1999 mx r 000 0 spa d
020 _a9701831500
035 _aUPN01000123928
049 _aLTG
050 4 _aLB2002 A1
_bO2.9
245 0 0 _aObservación y práctica docente III :
_bprograma y materiales de apoyo para el estudio : Licenciatura en Educación Primaria : quinto semestre /
_ccoord. Esteban Manteca Aguirre.
260 _aMéxico :
_bSEP,
_c1999.
300 _a54 p.
440 0 _aPrograma para la Transformación y el Fortalecimiento Académicos de las Escuelas Normales
500 _a"Plan de estudios 1997"
650 4 _aPrácticas de la enseñanza
_92849
650 4 _aEducación superior
_zMéxico
_xPlanes y programas
_91547
700 1 _aManteca Aguirre, Esteban,
_ecoord.
_932675
710 1 _aMéxico.
_bSubsecretaría de Educación Básica y Normal
_927954
905 _aLibro
999 _c96107
_d96107